000 00227nam a22001097a 4500
020 _a1-9043-5126
082 _a823
_bJEA/G
245 _aGO TO HOSPITAL
260 _aUK
_bLADYBIRD
650 _aENGLISH SHORT STORY
_zUK
942 _cBK
999 _c4127
_d4127